Statistiques concernant Villes belges en rébus

Cliquez ici pour prendre le quiz!

Statistiques générales

  • Ce quiz a été pris 790 fois
  • Le résultat moyen est 7 sur 10

Réponses sur la Carte

Les réponses sont colorées sur une échelle allant du rouge au vert en fonction du pourcentage des utilisateurs qui les ont devinées à leur premier essai. Vous pouvez retrouver ces pourcentages ci-dessous.
 

Statistiques - réponses

Villes belges% Correct
Liège
96%
Anvers
94%
Waterloo
90%
Louvain
83%
Tournai
83%
Mons
74%
Ostende
66%
Hasselt
36%
Malines
33%
La Louvière
20%

Distribution des résultats

Percentile par nombre de réponses

% des personnes avec chaque résultat

Votre développement - résultats

Vous n’avez pas pris ce quiz